[Event "Chigorin Memorial 30th"]
[Site "St Petersburg"]
[Date "2023.10.24"]
[Round "4"]
[White "Nemtsov, Daniil Aleks"]
[Black "Timonteev, Aleksandr"]
[Result "0-1"]
[WhiteElo "1336"]
[BlackElo "1543"]
[PlyCount "76"]
[EventDate "2023.10.21"]
[EventType "swiss"]
[EventRounds "9"]
[EventCountry "RUS"]
[SourceTitle "Mega2024 Update 01"]
[Source "Chessbase"]
[SourceDate "2023.11.12"]
[SourceVersion "1"]
[SourceVersionDate "2023.11.12"]
[SourceQuality "1"]

1. d4 d5 2. Nf3 Nf6 3. Bf4 c5 4. e3 Nc6 5. c3 Qb6 6. Na3 c4 7. Rb1 Bf5 8. Nc2 Qa5 9. a3 Ne4 10. Nh4 Nxc3 11. bxc3 Qxc3+ 12. Qd2 Qxc2 13. Rxb7 Qxd2+ 14. Kxd2 Bd7 15. Be2 e6 16. Rhb1 f6 17. Bg3 Bxa3 18. Bd1 Nd8 19. Rc7 Rc8 20. Rxa7 c3+ 21. Kc2 Bb2 22. Bd6 Nc6 23. Ra6 g5 24. Bh5+ Kd8 25. Nf3 e5 26. g4 e4 27. Ng1 Rb8 28. Ne2 Nb4+ 29. Bxb4 Rxb4 30. Ra5 Ke7 31. Nc1 Ba4+ 32. Rxa4 Rxa4 33. Ne2 Rc8 34. h3 Ra1 35. Rxa1 Bxa1 36. Nc1 Ra8 37. Kb3 Bb2 38. Na2 Ra3+ 0-1